Richard D. James Album Tracklist (Aphex Twin) - Statistics

General Stats
  • This quiz has been taken 10 times
  • The average score is 7 of 10
Answer Stats
Hint Answer % Correct
1 4
100%
4 Fingerbib
78%
9 Girl/Boy Song
78%
7 Goon Gumpas
78%
10 Logan Rock Witch
78%
2 Cornish Acid
67%
6 To Cure A Weakling Child
67%
8 Yellow Calx
67%
5 Carn Marth
56%
3 Peek 82454201
44%
No matching quizzes found
Score Distribution
Percent of People with Each Score
Percentile by Number Answered
Your Score History
You have not taken this quiz